| 000 | 00884cab a2200229 4500 | ||
|---|---|---|---|
| 001 | X96341 | ||
| 008 | 090401t1999 xxu||||| |||| 00| 0 eng d | ||
| 035 | _a(Sirsi) u90977 | ||
| 041 | _aeng | ||
| 245 | _aMcLean Homes (East Anglia) Ltd v Secretary of State for the Environment, Transport and the Regions and another | ||
| 260 | _c1999 | ||
| 350 | _a0 | ||
| 490 |
_aEstates Gazette Case Summaries _v[1999] EGCS 3 (23/01/99) |
||
| 520 | _aQBD 8 January 1999. The applicant appealed against the council`s failure to decide whether to grant planning permission. The inspector did not supply adequate reasons. Application allowed. | ||
| 650 | _aPLANNING PERMISSION | ||
| 650 | _aRESERVED MATTERS | ||
| 650 | _aSAVE BRITAIN` S HERITAGE V NUMBER 1 POULTRY LTD | ||
| 650 | _aTOWN AND COUNTRY PLANNING | ||
| 690 | _aPLANNING LAW AND PRACTICE | ||
| 942 | _n0 | ||
| 948 | _c28/01/1999 | ||
| 999 |
_c57722 _d57722 |
||